Regents of nations : systematic chronology of states and their political representatives in past and present : a biographical reference book = Regenten der Nationen : systematische Chronologie der Staaten und ihrer politischen Repräsentanten in Vergangenheit und Gegenwart : ein biographisches Nachschlagewerk /

Bibliographic Details
Main Author: Truhart, Peter
Format: Book
Language:English
German
Published: München ; New York : Saur, 1984-
Subjects:

MARC

Tag First Indicator Second Indicator Subfields
LEADER 00000cam a2200000 a 4500
001 in00000010666
005 20151007051424.0
008 850408m19849999gw 00010 eng
010 |a  85140091  
020 |a 359810491X (set) 
035 |a (OCoLC)12162315 
035 |9 AAA2889AM 
040 |a DLC  |c DLC  |d OCL  |d m/c  |d TXA  |d UtOrBLW 
041 0 |a eng  |a ger 
049 |a TXAM  |d [v = vol. p = pt.] v 1 [A12618256] v 2 [A12618206] v 3 p 1 [A12618159]  |v 3  |p 2 [A11520890] 
050 0 0 |a JF37  |b .T78 1984 
082 0 |a 351.003/1/0202  |2 19 
100 1 |a Truhart, Peter. 
245 1 0 |a Regents of nations :  |b systematic chronology of states and their political representatives in past and present : a biographical reference book = Regenten der Nationen : systematische Chronologie der Staaten und ihrer politischen Repräsentanten in Vergangenheit und Gegenwart : ein biographisches Nachschlagewerk /  |c Peter Truhart. 
246 3 1 |a Regenten der Nationen  
264 1 |a München ;  |a New York :  |b Saur,  |c 1984- 
300 |a volumes ;  |c 31 cm. 
336 |a text  |b txt  |2 rdacontent 
337 |a unmediated  |b n  |2 rdamedia 
338 |a volume  |b nc  |2 rdacarrier 
500 |a English and German. 
505 1 |a v. 1. Africa/America -- v. 2 Asia/Austrilan-Oceania -- v. 3, pt.1 Central-, Eastern,- Northern-, Southern-, Southeast Europe.. 
650 0 |a Heads of state  |x Handbooks, manuals, etc. 
650 0 |a Cabinet officers  |x Handbooks, manuals, etc. 
740 0 |a Regenten der Nationen. 
999 |a MARS 
999 f f |s f344fcc9-754f-3f28-88c1-750b190bb6f9  |i 5b349a7c-99c4-360d-b907-cd3866c5a867  |t 0 
952 f f |p ric  |a Texas A&M University  |b Rellis Campus  |c Joint Library Facility  |d Remote Storage  |t 0  |e JF37 .T78 1984  |h Library of Congress classification  |i unmediated -- volume  |k v.2  |m A14812618206 
952 f f |p ric  |a Texas A&M University  |b Rellis Campus  |c Joint Library Facility  |d Remote Storage  |t 0  |e JF37 .T78 1984  |h Library of Congress classification  |i unmediated -- volume  |k v.1  |m A14812618256 
952 f f |p ric  |a Texas A&M University  |b Rellis Campus  |c Joint Library Facility  |d Remote Storage  |t 0  |e JF37 .T78 1984  |h Library of Congress classification  |i unmediated -- volume  |k v.3:pt.1  |m A14812618159 
952 f f |p ric  |a Texas A&M University  |b Rellis Campus  |c Joint Library Facility  |d Remote Storage  |t 0  |e JF37 .T78 1984  |h Library of Congress classification  |i unmediated -- volume  |k v.3:pt.2  |m A14811520890 
998 f f |a JF37 .T78 1984  |s v.3:pt.1-v.3:pt.2  |t 0  |l Remote Storage